Select all borders of #2 - Statistics

General Stats
  • This quiz has been taken 19 times
  • The average score is 118 of 135
Answer Stats
Question Tile Select % Correct
borders of India Bangladesh Yes
100%
borders of Lesotho Botswana No
100%
borders of Singapore Cambodia No
100%
borders of Lesotho Comoros No
100%
Borders of Egypt Cyprus No
100%
borders of Australia East Timor No
100%
borders of Australia Fiji No
100%
borders of Australia Indonesia No
100%
borders of Spain Italy No
100%
borders of Lesotho Madagascar No
100%
Borders of Egypt Malta No
100%
borders of Lesotho Mozambique No
100%
borders of Lesotho Namibia No
100%
borders of India Nepal Yes
100%
borders of Spain NO BORDERS No
100%
borders of Lesotho NO BORDERS No
100%
borders of Ecuador NO BORDERS No
100%
Borders of Egypt NO BORDERS No
100%
borders of India NO BORDERS No
100%
borders of Japan North Korea No
100%
borders of India Pakistan Yes
100%
borders of Ecuador Paraguay No
100%
borders of Japan Philippines No
100%
borders of Singapore Philippines No
100%
borders of Spain Portugal Yes
100%
borders of Australia Solomon Islands No
100%
borders of Lesotho South Africa Yes
100%
borders of Japan South Korea No
100%
borders of Japan Taiwan No
100%
borders of Singapore Taiwan No
100%
borders of Singapore Thailand No
100%
borders of Australia Tonga No
100%
borders of Japan Vietnam No
100%
borders of Lesotho Zimbabwe No
100%
borders of Spain Algeria No
94%
Borders of Egypt Algeria No
94%
borders of Dominican Republic Antigua and Barbuda No
94%
borders of Ecuador Argentina No
94%
Borders of Liechtenstein Belgium No
94%
borders of India Bhutan Yes
94%
borders of Panama Brazil No
94%
borders of Singapore Brunei No
94%
borders of Japan China No
94%
borders of Ecuador Colombia Yes
94%
borders of Singapore East Timor No
94%
borders of Panama Ecuador No
94%
borders of Lesotho Eswatini No
94%
borders of Lithuania Finland No
94%
borders of Spain France Yes
94%
borders of Lithuania Germany No
94%
borders of Panama Guyana No
94%
borders of Dominican Republic Honduras No
94%
Borders of Liechtenstein Italy No
94%
borders of Lithuania Latvia Yes
94%
borders of India Maldives No
94%
borders of Spain Monaco No
94%
borders of Japan Mongolia No
94%
borders of Australia New Zealand No
94%
borders of Japan NO BORDERS Yes
94%
borders of Lithuania NO BORDERS No
94%
borders of Australia NO BORDERS Yes
94%
borders of Serbia NO BORDERS No
94%
borders of Panama NO BORDERS No
94%
Borders of Liechtenstein NO BORDERS No
94%
borders of Australia Papua New Guinea No
94%
Borders of Liechtenstein Poland No
94%
borders of Japan Russia No
94%
Borders of Liechtenstein Slovenia No
94%
borders of India Sri Lanka No
94%
Borders of Egypt Tunisia No
94%
borders of Lithuania Ukraine No
94%
borders of Dominican Republic United States No
94%
borders of Australia Vanuatu No
94%
borders of Panama Venezuela No
94%
borders of Spain Andorra Yes
89%
borders of Equatorial Guinea Angola No
89%
borders of Georgia (The Country) Armenia Yes
89%
Borders of Liechtenstein Austria Yes
89%
borders of Dominican Republic Bahamas No
89%
borders of Ecuador Chile No
89%
borders of Dominican Republic Cuba No
89%
borders of Georgia (The Country) Florida No
89%
Borders of Liechtenstein France No
89%
borders of Dominican Republic Haiti Yes
89%
borders of Dominican Republic Jamaica No
89%
Borders of Egypt Libya Yes
89%
borders of Dominican Republic NO BORDERS No
89%
borders of Equatorial Guinea NO BORDERS No
89%
borders of Georgia (The Country) NO BORDERS No
89%
borders of Ecuador Peru Yes
89%
borders of Dominican Republic Saint Kitts and Nevis No
89%
borders of Georgia (The Country) South Carolina No
89%
Borders of Liechtenstein Switzerland Yes
89%
borders of Georgia (The Country) Tennessee No
89%
borders of Ecuador Venezuela No
89%
borders of Georgia (The Country) Alabama No
83%
borders of Georgia (The Country) Azerbaijan Yes
83%
borders of India China Yes
83%
borders of Panama Colombia Yes
83%
borders of Panama Costa Rica Yes
83%
Borders of Liechtenstein Germany No
83%
borders of Panama Honduras No
83%
borders of Singapore Indonesia No
83%
borders of Equatorial Guinea Nigeria No
83%
borders of Serbia North Macedonia Yes
83%
borders of Lithuania Russia Yes
83%
borders of Equatorial Guinea Sao Tome and Principe No
83%
Borders of Egypt Saudi Arabia No
83%
Borders of Egypt Sudan Yes
83%
borders of Serbia Bosnia and Herzegovina Yes
78%
borders of Ecuador Brazil No
78%
borders of Panama Nicaragua No
78%
borders of Ecuador Bolivia No
72%
borders of Serbia Kosovo Yes
72%
borders of Equatorial Guinea Central African Republic No
67%
borders of Lithuania Estonia No
67%
borders of Equatorial Guinea Gabon Yes
67%
borders of Serbia Hungary Yes
67%
Borders of Egypt Israel Yes
67%
borders of India Myanmar Yes
67%
borders of Georgia (The Country) Russia Yes
67%
borders of Lithuania Belarus Yes
61%
borders of Equatorial Guinea Democratic Republic of the Congo No
61%
borders of Lithuania Poland Yes
61%
borders of Serbia Bulgaria Yes
56%
borders of Equatorial Guinea Cameroon Yes
56%
borders of Serbia Croatia Yes
56%
borders of Equatorial Guinea Republic of the Congo No
56%
borders of Serbia Romania Yes
56%
borders of Singapore Malaysia No
50%
borders of Serbia Montenegro Yes
50%
borders of Spain Morocco Yes
50%
borders of Singapore NO BORDERS Yes
44%
borders of Spain United Kingdom Yes
39%
borders of Georgia (The Country) Turkey Yes
28%
No matching quizzes found
Score Distribution
Percent of People with Each Score
Percentile by Number Answered
Your Score History
You have not taken this quiz